000 00475nam a2200181Ia 4500
001 21289
003 GE_BSU
008 181216s||||||||xx |||||||||||||| ||und||
040 _cGE_BSU
245 _aParis Match, du14 AU 20 Septembre. №3565. 2017
260 _aParis
260 _c2017
300 _a122 p. 30cm. ill.
653 _aParis Match, du14 AU 20 Septembre. №3565. 2017
653 _aПериодика
653 _aპერიოდიკა
942 _cCR
999 _c54233
_d54233